000 00762nam a2200265 i 4500
001 C2-0233651
003 PPAK
005 20180727194408.0
008 010607s2000 nyua|||| ||||| | eng d
020 _a0764113100
040 _aPPAK
_beng
_cPPAK
_erda
082 0 4 _a523
_223
090 0 0 _a523
_bEKR
_dR
100 1 _aEkrutt, Joachim,
_eauthor
245 1 0 _aStars and planets
250 _aSecand edition
264 1 _aNew York :
_bBarron's ,
_c2000
300 _a157 pages :
_bcolour illustrations ;
_c21 cm
336 _2rdacontent
_atext
337 _2rdamedia
_aunmediated
338 _2rdacarrier
_avolume
500 _aIncludes index
650 1 0 _aAstronomy Observers manuals ; Stars Observers manual ; Planets Observers manual
942 _ddc
_cB
999 _c50122
_d50122